000
00195nam a2200085Ia 4500
008
170620s9999 xx 000 0 und d
100
_a
GUPTA- H.P
245
0
_a
BANKING LAW
260
_b
CENTRAL LAW PUBLICATION
260
_c
2014
999
_c
30494
_d
30494